Corazón de vidrio /

Guardado en:
Autor Principal: Vasconcelos, José Mauro de
Otros Autores: Jofre Barroso, Haydée M.; trad., Campos, Uliana; il.
Formato: Libro
Publicado: Buenos Aires : El Ateneo, 1998
Edición:13a. ed.
Materias:
Etiquetas: Agregar Etiqueta
Sin Etiquetas, Sea el primero en etiquetar este registro!
LEADER 01241nam a22002775a 4500
001 CEM.cems009740
008 130507s1998##################000#0#####d
005 20240311184325.0
245 1 0 |a Corazón de vidrio /  |c José Mauro de Vasconcelos ; traducido por Haydée M. Jofre Barroso ; ilustraciones de Uliana Campos. 
250 |a 13a. ed. 
260 |a Buenos Aires :  |b El Ateneo,  |c 1998 
300 |a 110 p. 
505 0 |a Prólogo -- Escenario: La estancia -- Historia número uno: La misa del sol -- Historia número dos: El acuario -- Historia número tres: El caballo de oro -- Historia número cuatro: El Árbol 
020 |a 9500285460 
100 1 |a Vasconcelos, José Mauro de 
700 1 |a Jofre Barroso, Haydée M.; trad. 
700 1 |a Campos, Uliana; il. 
082 0 4 |a B869.34 
653 |a Literatura 
653 |a Literatura brasileña-siglo 20 
653 |a Literatura juvenil 
653 |a Literatura juvenil brasileña 
859 |a CEMS  |b BIB. CEMS - Inicial y Primaria  |h B869.34  |i V441-3  |k IP  |p 6341  |t Ej. 1 
859 |a CEMS  |b BIB. CEMS - 11 de abril  |h B869.34  |i V441-3  |p 19975.98  |t Ej.1 
859 |a CEMS  |b BIB. CEMS - 11 de abril  |h B869.34  |i V441-3  |p 22075.03  |t Ej.2 
859 |a CEMS  |b BIB. CEMS - 11 de abril  |h B869.34  |i V441-3  |p 22077.03  |t Ej.3